<?xml version="1.0" encoding="UTF-8"?>
<collection xmlns="http://www.loc.gov/MARC21/slim">
 <record>
  <leader>02241cam a2200493  b4500</leader>
  <controlfield tag="001">1497739969</controlfield>
  <controlfield tag="003">DE-627</controlfield>
  <controlfield tag="005">20240308173345.0</controlfield>
  <controlfield tag="007">tu</controlfield>
  <controlfield tag="008">150313s2014    xx |||||      00| ||fre c</controlfield>
  <datafield tag="020" ind1=" " ind2=" ">
   <subfield code="a">9782869582521</subfield>
   <subfield code="9">978-2-86958-252-1</subfield>
  </datafield>
  <datafield tag="035" ind1=" " ind2=" ">
   <subfield code="a">(DE-627)1497739969</subfield>
  </datafield>
  <datafield tag="035" ind1=" " ind2=" ">
   <subfield code="a">(DE-576)427739969</subfield>
  </datafield>
  <datafield tag="035" ind1=" " ind2=" ">
   <subfield code="a">(DE-599)BSZ427739969</subfield>
  </datafield>
  <datafield tag="035" ind1=" " ind2=" ">
   <subfield code="a">(OCoLC)906061728</subfield>
  </datafield>
  <datafield tag="040" ind1=" " ind2=" ">
   <subfield code="a">DE-627</subfield>
   <subfield code="b">ger</subfield>
   <subfield code="c">DE-627</subfield>
   <subfield code="e">rakwb</subfield>
  </datafield>
  <datafield tag="041" ind1=" " ind2=" ">
   <subfield code="a">fre</subfield>
  </datafield>
  <datafield tag="084" ind1=" " ind2=" ">
   <subfield code="a">6,14</subfield>
   <subfield code="2">ssgn</subfield>
  </datafield>
  <datafield tag="100" ind1="1" ind2=" ">
   <subfield code="a">Déroche, Vincent</subfield>
   <subfield code="d">1959-</subfield>
   <subfield code="0">(DE-588)1033332305</subfield>
   <subfield code="0">(DE-627)740904515</subfield>
   <subfield code="0">(DE-576)380921014</subfield>
   <subfield code="4">aut</subfield>
  </datafield>
  <datafield tag="245" ind1="1" ind2="3">
   <subfield code="a">Le secteur au Sud-Est du péribole</subfield>
   <subfield code="c">Vincent Déroche, Platon Pétridis et Alain Badie. Avec des contrib. de A. Destrooper ...</subfield>
  </datafield>
  <datafield tag="264" ind1=" " ind2="1">
   <subfield code="a">Paris</subfield>
   <subfield code="b">Boccard</subfield>
   <subfield code="c">2014</subfield>
  </datafield>
  <datafield tag="300" ind1=" " ind2=" ">
   <subfield code="a">XI, 124, 13 S., VI Faltbl.</subfield>
   <subfield code="b">Ill., graph. Darst., Kt.</subfield>
   <subfield code="e">1 Beil. (Faltpl.)</subfield>
  </datafield>
  <datafield tag="336" ind1=" " ind2=" ">
   <subfield code="a">Text</subfield>
   <subfield code="b">txt</subfield>
   <subfield code="2">rdacontent</subfield>
  </datafield>
  <datafield tag="337" ind1=" " ind2=" ">
   <subfield code="a">ohne Hilfsmittel zu benutzen</subfield>
   <subfield code="b">n</subfield>
   <subfield code="2">rdamedia</subfield>
  </datafield>
  <datafield tag="338" ind1=" " ind2=" ">
   <subfield code="a">Band</subfield>
   <subfield code="b">nc</subfield>
   <subfield code="2">rdacarrier</subfield>
  </datafield>
  <datafield tag="490" ind1="1" ind2=" ">
   <subfield code="a">Fouilles de Delphes / École Française d'Athènes</subfield>
   <subfield code="a">Tome II, Topographie et architecture</subfield>
   <subfield code="v">15</subfield>
  </datafield>
  <datafield tag="583" ind1="1" ind2=" ">
   <subfield code="a">Archivierung/Langzeitarchivierung gewährleistet</subfield>
   <subfield code="f">SSG</subfield>
   <subfield code="x">XA-DE-BW</subfield>
   <subfield code="2">pdager</subfield>
   <subfield code="5">DE-16</subfield>
  </datafield>
  <datafield tag="689" ind1="0" ind2="0">
   <subfield code="d">g</subfield>
   <subfield code="0">(DE-588)4011390-5</subfield>
   <subfield code="0">(DE-627)106352962</subfield>
   <subfield code="0">(DE-576)208893326</subfield>
   <subfield code="a">Delphi</subfield>
   <subfield code="2">gnd</subfield>
  </datafield>
  <datafield tag="689" ind1="0" ind2="1">
   <subfield code="d">s</subfield>
   <subfield code="0">(DE-588)4071507-3</subfield>
   <subfield code="0">(DE-627)104642874</subfield>
   <subfield code="0">(DE-576)209184205</subfield>
   <subfield code="a">Funde</subfield>
   <subfield code="2">gnd</subfield>
  </datafield>
  <datafield tag="689" ind1="0" ind2="2">
   <subfield code="d">s</subfield>
   <subfield code="0">(DE-588)4030270-2</subfield>
   <subfield code="0">(DE-627)10430667X</subfield>
   <subfield code="0">(DE-576)208986731</subfield>
   <subfield code="a">Keramik</subfield>
   <subfield code="2">gnd</subfield>
  </datafield>
  <datafield tag="689" ind1="0" ind2="3">
   <subfield code="d">s</subfield>
   <subfield code="0">(DE-588)4040629-5</subfield>
   <subfield code="0">(DE-627)106222198</subfield>
   <subfield code="0">(DE-576)209041498</subfield>
   <subfield code="a">Münze</subfield>
   <subfield code="2">gnd</subfield>
  </datafield>
  <datafield tag="689" ind1="0" ind2=" ">
   <subfield code="5">(DE-627)</subfield>
  </datafield>
  <datafield tag="700" ind1="1" ind2=" ">
   <subfield code="a">Petridēs, Platōn</subfield>
   <subfield code="0">(DE-588)1050938445</subfield>
   <subfield code="0">(DE-627)785302379</subfield>
   <subfield code="0">(DE-576)405388934</subfield>
   <subfield code="4">aut</subfield>
  </datafield>
  <datafield tag="700" ind1="1" ind2=" ">
   <subfield code="a">Badie, Alain</subfield>
   <subfield code="4">aut</subfield>
  </datafield>
  <datafield tag="700" ind1="1" ind2=" ">
   <subfield code="a">Destrooper, Anne</subfield>
   <subfield code="4">oth</subfield>
  </datafield>
  <datafield tag="787" ind1="0" ind2="8">
   <subfield code="i">Rezensiert in</subfield>
   <subfield code="a">Bonini, Paolo, 1975 - </subfield>
   <subfield code="t">[Rezension von: Vincent Déroche, Platon Pétridis, Alain Badie, Le secteur au Sud-Est du péribole]</subfield>
   <subfield code="d">2016</subfield>
   <subfield code="w">(DE-627)1816961051</subfield>
  </datafield>
  <datafield tag="810" ind1="2" ind2=" ">
   <subfield code="a">Fouilles de Delphes</subfield>
   <subfield code="t">Fouilles de Delphes</subfield>
   <subfield code="p">Tome II, Topographie et architecture ; 15</subfield>
   <subfield code="v">2,15</subfield>
   <subfield code="9">2,15</subfield>
   <subfield code="w">(DE-627)1083634127</subfield>
   <subfield code="w">(DE-576)013634127</subfield>
   <subfield code="7">nm</subfield>
  </datafield>
  <datafield tag="951" ind1=" " ind2=" ">
   <subfield code="a">MV</subfield>
  </datafield>
  <datafield tag="990" ind1=" " ind2=" ">
   <subfield code="a">Delphi</subfield>
  </datafield>
  <datafield tag="990" ind1=" " ind2=" ">
   <subfield code="a">Funde</subfield>
  </datafield>
  <datafield tag="990" ind1=" " ind2=" ">
   <subfield code="a">Keramik</subfield>
  </datafield>
  <datafield tag="990" ind1=" " ind2=" ">
   <subfield code="a">Münze</subfield>
  </datafield>
  <datafield tag="991" ind1=" " ind2=" ">
   <subfield code="a">Rezensiertes Werk</subfield>
  </datafield>
  <datafield tag="999" ind1=" " ind2=" ">
   <subfield code="a">KXP-PPN1497739969</subfield>
   <subfield code="e">4190285226</subfield>
  </datafield>
 </record>
</collection>
